<?xml version="1.0" encoding="UTF-8"?>
<collection xmlns="http://www.loc.gov/MARC21/slim">
<record>
  <controlfield tag="001">163645</controlfield>
  <controlfield tag="005">20251028143426.0</controlfield>
  <datafield tag="024" ind1="8" ind2=" ">
    <subfield code="2">innovaciondocente</subfield>
    <subfield code="a">5383</subfield>
  </datafield>
  <datafield tag="037" ind1=" " ind2=" ">
    <subfield code="a">INNODOC-2024-5383</subfield>
  </datafield>
  <datafield tag="041" ind1=" " ind2=" ">
    <subfield code="a">spa</subfield>
  </datafield>
  <datafield tag="100" ind1=" " ind2=" ">
    <subfield code="0">(orcid)0000-0002-0791-2390</subfield>
    <subfield code="a">Fuertes Iglesias, Carlos</subfield>
    <subfield code="e">coord.</subfield>
  </datafield>
  <datafield tag="245" ind1=" " ind2=" ">
    <subfield code="a">ETI-Espacio de Trabajo Interdisciplinar en las Ciencias Jurídicas, Económicas, de la Educación y Sanitarias (Curso 2024-2025)</subfield>
  </datafield>
  <datafield tag="260" ind1=" " ind2=" ">
    <subfield code="a">Zaragoza</subfield>
    <subfield code="b">Universidad de Zaragoza</subfield>
    <subfield code="c">2024</subfield>
  </datafield>
  <datafield tag="520" ind1="3" ind2=" ">
    <subfield code="a">El proyecto persigue consolidar y ampliar en el curso 2024/2025 un programa de actividades de trabajo interdisciplinar para estudiantes de Derecho (tanto de Grado en Derecho, como los diversos posgrados impartidos en la Facultad de Derecho de Zaragoza), el doble grado en Derecho y Administración y Dirección de Empresas DADE (Zaragoza), Magisterio (Huesca), Medicina (Zaragoza), Máster Universitario en Investigación y Estudios Avanzados en Historia (Zaragoza) y Máster Universitario en Gestión Estratégica de Recursos Humanos (Zaragoza), orientado a reforzar, a través de la interdisciplinariedad, competencias transversales imprescindibles en la actual práctica profesional, especialmente jurídica y de otras disciplinas vinculadas. Así, se trata de proyectar, en ocasiones, iniciativas que potencien el análisis de las bases e implicaciones histórico y socioeconómicas de las cuestiones controvertidas. En otras actividades, se trata de estudiar un abordaje, desde el plano educativo, de cuestiones jurídicas de interés. Todo lo anterior, buscando un enfoque de género y respeto a la diversidad sexual al abordar y resolver las cuestiones transversalmente analizadas. El programa seguirá los modelos de actividad conjunta para estudiantes de dos (ETI bilateral) o de tres o más asignaturas o titulaciones (ETI multilateral), desde los planteamientos que este Grupo ETI ha desarrollado a lo largo de 17 años de su existencia, con atención a la implementación de los resultados metodológicos y planteamientos ofrecidos por el Libro Azul de la Innovación Docente de la Universidad de Zaragoza, recientemente presentado.</subfield>
  </datafield>
  <datafield tag="700" ind1=" " ind2=" ">
    <subfield code="0">(orcid)0009-0002-3687-8993</subfield>
    <subfield code="a">Romero Berenguel, Adrián</subfield>
  </datafield>
  <datafield tag="700" ind1=" " ind2=" ">
    <subfield code="0">(orcid)0000-0003-2763-4583</subfield>
    <subfield code="a">Malón Marco, Agustín</subfield>
  </datafield>
  <datafield tag="700" ind1=" " ind2=" ">
    <subfield code="0">(orcid)0000-0001-5143-6435</subfield>
    <subfield code="a">Fach Gómez, Ana Katia</subfield>
  </datafield>
  <datafield tag="700" ind1=" " ind2=" ">
    <subfield code="0">(orcid)0000-0002-5540-0293</subfield>
    <subfield code="a">Oliver Lalana, Ángel Daniel</subfield>
  </datafield>
  <datafield tag="700" ind1=" " ind2=" ">
    <subfield code="0">(orcid)0000-0001-9519-7069</subfield>
    <subfield code="a">Urruela Mora, Asier</subfield>
  </datafield>
  <datafield tag="700" ind1=" " ind2=" ">
    <subfield code="0">(orcid)0000-0001-9125-1224</subfield>
    <subfield code="a">Boldova Marzo, Daniel Miguel</subfield>
  </datafield>
  <datafield tag="700" ind1=" " ind2=" ">
    <subfield code="0">(orcid)0000-0002-8999-662X</subfield>
    <subfield code="a">Usoz Otal, Javier</subfield>
  </datafield>
  <datafield tag="700" ind1=" " ind2=" ">
    <subfield code="0">(orcid)0000-0002-9385-5133</subfield>
    <subfield code="a">Astigarraga Goenaga, Jesús</subfield>
  </datafield>
  <datafield tag="700" ind1=" " ind2=" ">
    <subfield code="0">(orcid)0000-0002-1555-1273</subfield>
    <subfield code="a">Farjas Ballester, José María</subfield>
  </datafield>
  <datafield tag="700" ind1=" " ind2=" ">
    <subfield code="0">(orcid)0000-0001-8562-1487</subfield>
    <subfield code="a">Menéndez Conca, Lucas Gabriel</subfield>
  </datafield>
  <datafield tag="700" ind1=" " ind2=" ">
    <subfield code="0">(orcid)0000-0002-5707-5922</subfield>
    <subfield code="a">Bueno Maluenda, María Cristina</subfield>
  </datafield>
  <datafield tag="700" ind1=" " ind2=" ">
    <subfield code="0">(orcid)0000-0003-0930-5823</subfield>
    <subfield code="a">Boldova Pasamar, Miguel Ángel</subfield>
  </datafield>
  <datafield tag="700" ind1=" " ind2=" ">
    <subfield code="a">Pemán Gracia, Natalia María</subfield>
  </datafield>
  <datafield tag="700" ind1=" " ind2=" ">
    <subfield code="0">(orcid)0000-0003-1152-1816</subfield>
    <subfield code="a">Bueso Guillén, Pedro José</subfield>
  </datafield>
  <datafield tag="700" ind1=" " ind2=" ">
    <subfield code="0">(orcid)0000-0003-2591-0337</subfield>
    <subfield code="a">Gaspar Lera, Silvia</subfield>
  </datafield>
  <datafield tag="700" ind1=" " ind2=" ">
    <subfield code="0">(orcid)0000-0002-8666-0792</subfield>
    <subfield code="a">Rodríguez Castillo, Susana Adela</subfield>
  </datafield>
  <datafield tag="856" ind1="4" ind2=" ">
    <subfield code="s">130638</subfield>
    <subfield code="u">http://zaguan.unizar.es/record/163645/files/memoria_PIIDUZ_2024_5383.pdf</subfield>
    <subfield code="y">Memoria del proyecto</subfield>
  </datafield>
  <datafield tag="970" ind1=" " ind2=" ">
    <subfield code="a">INNODOC-2024-5383</subfield>
  </datafield>
  <datafield tag="980" ind1=" " ind2=" ">
    <subfield code="a">INNODOC</subfield>
    <subfield code="b">PIIDUZ</subfield>
    <subfield code="c">PIIDUZ_3 De referencia</subfield>
  </datafield>
</record>
</collection>